| 000 | 01183nas a2200289 4500 | ||
|---|---|---|---|
| 001 | BR9000057 | ||
| 003 | BR-BrBNA | ||
| 005 | 20231205091750.0 | ||
| 007 | ta | ||
| 008 | 230509b bl.|||p| |||| 00| 00por d | ||
| 040 |
_aBR-BrBNA _bpor _cBiblioteca Nacional de Agricultura |
||
| 041 | _a(Pt) | ||
| 072 | _aH10 | ||
| 100 | 1 | _aReis, P.R. | |
| 100 | 1 | _aSouza, J.C. de | |
| 100 | 1 | _aMalta, A.W. de O. | |
| 111 | 1 |
_a19. Congresso Brasileiro de Olericultura; 9. Congresso Brasileiro de Entomologia _cFlorianopolis, SC (Brazil); Londrina, PR (Brazil) _d1979; 1984 |
|
| 245 | 1 | _aEficiencia de inseticidas para o controle da broca-pequena, Neoleucinodes elegantalis (Guenee, 1854)(Lepidoptera-Pyralidae), do fruto do tomateiro, Lycopersicon esculentum Mill. | |
| 246 | 1 | _aEvaluation of insecticides against Neoleucinodes elegantalis (Guenee, 1854)in tomato, Lycopersicon esculentum Mill. | |
| 650 | _aTOMATE | ||
| 650 | _aBROCA | ||
| 650 | _aINSETICIDA | ||
| 650 | _aCONTROLE QUIMICO | ||
| 773 | 0 |
_tAnais da Sociedade Entomologica do Brasil (Brazil) _xISSN 0301-8059 _g(1989), v. 18(1) p. 131-144 _wBR9000057 |
|
| 909 |
_a202311 _bLúcia _c55 _dLúcia Elande |
||
| 942 |
_2AGRIS _n0 _cANA |
||
| 999 |
_c127194 _d127194 |
||